موجز تاريخ مصر القديم وحضارتها منذ فجر التاريخ وحتى نهاية العصر الفرعونى

Saved in:

Main Author: سعيد عبدالحفيظ.

Format: Book

Language: Undetermined

Published: Cairo : , 1998.

Tags: Add Tag

No Tags, Be the first to tag this record!

Call Number: DT83 .A22

LEADER 00445nam a2200121Ia 4500
008 240329s9999||||xx |||||||||||||| ||und||
050 4 |a DT83 .A22 
100 1 |a سعيد عبدالحفيظ. 
245 1 0 |a موجز تاريخ مصر القديم وحضارتها  |b منذ فجر التاريخ وحتى نهاية العصر الفرعونى  |c سعيد عبدالحفيظ 
264 1 |a Cairo :  |b ,  |c 1998. 
300 |a 261  |c 24 cm. 
942 |2 lcc  |c BK 
999 |c 57602  |d 57602